Institutional and entrepreneurial leadership in the brazilian science and technology sector : (Record no. 721)

MARC details
000 -LEADER
campo de control de longitud fija 01142cam a2200289 4500
001 - NÚMERO DE CONTROL
campo de control 10940
005 - FECHA Y HORA DE LA ÚLTIMA TRANSACCIÓN
campo de control 20230404125610.0
008 - DATOS DE LONGITUD FIJA--INFORMACIÓN GENERAL
campo de control de longitud fija 060907n1996 wau eng
020 ## - NÚMERO INTERNACIONAL ESTÁNDAR DEL LIBRO
Número Internacional Estándar del Libro 0821336533
035 ## - NÚMERO DE CONTROL DEL SISTEMA
-- funglode11024
041 ## - CÓDIGO DE IDIOMA
Código de lengua del texto/banda sonora o título independiente eng
050 14 - SIGNATURA TOPOGRÁFICA DE LA BIBLIOTECA DEL CONGRESO
Número de clasificación CD F 00095
245 00 - MENCIÓN DEL TÍTULO
Título Institutional and entrepreneurial leadership in the brazilian science and technology sector :
Resto del título setting a new agenda /
Mención de responsabilidad, etc. Edited by Lauritz Holm-Nielsen, Michael Crawford and Alcyone Saliba
260 ## - PUBLICACIÓN, DISTRIBUCIÓN, ETC.
Lugar de publicación, distribución, etc. Washington D.C. :
Nombre del editor, distribuidor, etc. The World Bank,
Fecha de publicación, distribución, etc. 1996
300 ## - DESCRIPCIÓN FÍSICA
Extensión xv, 62 p.
440 ## - MENCIÓN DE SERIE/PUNTO DE ACCESO ADICIONAL--TÍTULO
Título World Bank discussion papers ;
Designación de volumen o secuencia 325
650 #0 - PUNTO DE ACCESO ADICIONAL DE MATERIA--TÉRMINO DE MATERIA
Término de materia o nombre geográfico como elemento de entrada Technology and state
Subdivisión geográfica Brazil
Subdivisión general Congresses.
650 #0 - PUNTO DE ACCESO ADICIONAL DE MATERIA--TÉRMINO DE MATERIA
Término de materia o nombre geográfico como elemento de entrada Science and state
Subdivisión geográfica Brazil
Subdivisión general Congresses.
650 #4 - PUNTO DE ACCESO ADICIONAL DE MATERIA--TÉRMINO DE MATERIA
Término de materia o nombre geográfico como elemento de entrada Ciencia y estado
Subdivisión geográfica Brasil
Subdivisión general Congresos.
650 #4 - PUNTO DE ACCESO ADICIONAL DE MATERIA--TÉRMINO DE MATERIA
Término de materia o nombre geográfico como elemento de entrada Política tecnológica
Subdivisión geográfica Brasil
Subdivisión de forma Congresos, conferencias, etc.
650 #4 - PUNTO DE ACCESO ADICIONAL DE MATERIA--TÉRMINO DE MATERIA
Término de materia o nombre geográfico como elemento de entrada Política científica
Subdivisión geográfica Brasil
Subdivisión de forma Congresos, conferencias, etc.
650 #4 - PUNTO DE ACCESO ADICIONAL DE MATERIA--TÉRMINO DE MATERIA
Término de materia o nombre geográfico como elemento de entrada Investigación industrial
Subdivisión geográfica Brasil
Subdivisión general Aspectos económicos.
700 1# - ENTRADA AGREGADA--NOMBRE PERSONAL
Nombre de persona Holm-Nielsen, Lauritz,
Fechas asociadas al nombre 1945-
700 1# - ENTRADA AGREGADA--NOMBRE PERSONAL
Nombre de persona Crawford, Michael F.,
Fechas asociadas al nombre 1965-
700 1# - ENTRADA AGREGADA--NOMBRE PERSONAL
Nombre de persona Saliba, Alcyone,
Fechas asociadas al nombre 1958-
942 ## - ELEMENTOS DE ENTRADA SECUNDARIOS (KOHA)
Fuente del sistema de clasificación o colocación Clasificación de Library of Congress
Tipo de ítem Koha
Holdings
Estatus retirado Estado de pérdida Fuente del sistema de clasificación o colocación Estado de daño No para préstamo Colección Biblioteca de origen Biblioteca actual Ubicación en estantería Fecha de adquisición Serial enumeration / chronology Total checkouts Signatura topográfica completa Código de barras Visto por última vez Copia número Precio de reemplazo Tipo de ítem Koha
    Clasificación de Library of Congress     Referencia Biblioteca Juan Bosch Biblioteca Juan Bosch Colección Documental (Referencia, 1er. Piso) 23/10/2018 1   CD F 00095 00000000508 23/10/2018 1 23/10/2018